Role of adrenergic receptor subtypes in the control of human placental blood vessels

Elmentve itt :
Bibliográfiai részletek
Szerzők: Resch Béla Endre
Ducza Eszter
Gáspár Róbert
Falkay György
Dokumentumtípus: Cikk
Megjelent: 2003
Sorozat:MOLECULAR REPRODUCTION AND DEVELOPMENT 66 No. 2
doi:10.1002/mrd.10337

mtmt:1472152
Online Access:http://publicatio.bibl.u-szeged.hu/16170
LEADER 00813nab a2200229 i 4500
001 publ16170
005 20190723110053.0
008 190723s2003 hu o 0|| angol d
022 |a 1040-452X 
024 7 |a 10.1002/mrd.10337  |2 doi 
024 7 |a 1472152  |2 mtmt 
040 |a SZTE Publicatio Repozitórium  |b hun 
041 |a angol 
100 1 |a Resch Béla Endre 
245 1 0 |a Role of adrenergic receptor subtypes in the control of human placental blood vessels  |h [elektronikus dokumentum] /  |c  Resch Béla Endre 
260 |c 2003 
300 |a 166-171 
490 0 |a MOLECULAR REPRODUCTION AND DEVELOPMENT  |v 66 No. 2 
700 0 1 |a Ducza Eszter  |e aut 
700 0 1 |a Gáspár Róbert  |e aut 
700 0 1 |a Falkay György  |e aut 
856 4 0 |u http://publicatio.bibl.u-szeged.hu/16170/1/ReschMolReprodDevelop2003.pdf  |z Dokumentum-elérés